Parker Pyne, detective / (Record no. 10401)
[ view plain ]
| 000 -LEADER | |
|---|---|
| fixed length control field | 00683cam a2200241 a 4500 |
| 090 ## - LOCALLY ASSIGNED LC-TYPE CALL NUMBER (OCLC); LOCAL CALL NUMBER (OCLC) | |
| -- | 0 |
| 001 - CONTROL NUMBER | |
| control field | 3823595 |
| 005 - DATE AND TIME OF LATEST TRANSACTION | |
| control field | 20201124142640.0 |
| 008 - FIXED-LENGTH DATA ELEMENTS--GENERAL INFORMATION | |
| fixed length control field | 860428t19861961nyu 000 1 eng |
| 010 ## - LIBRARY OF CONGRESS CONTROL NUMBER | |
| LC control number | 86011490 |
| 020 ## - INTERNATIONAL STANDARD BOOK NUMBER | |
| International Standard Book Number | 0396088651 |
| 040 ## - CATALOGING SOURCE | |
| Original cataloging agency | DLC |
| Transcribing agency | DLC |
| Modifying agency | DLC |
| 050 00 - LIBRARY OF CONGRESS CALL NUMBER | |
| Classification number | PR6005.H66 |
| Item number | M6415 1986 |
| 082 00 - DEWEY DECIMAL CLASSIFICATION NUMBER | |
| Classification number | 823.912 |
| Edition number | 19 |
| Item number | CHR |
| 100 1# - MAIN ENTRY--PERSONAL NAME | |
| Personal name | Christie, Agatha, |
| Dates associated with a name | 1890-1976. |
| 240 10 - UNIFORM TITLE | |
| Uniform title | <a href="Parker Pyne investigates">Parker Pyne investigates</a> |
| 245 10 - TITLE STATEMENT | |
| Title | Parker Pyne, detective / |
| Statement of responsibility, etc | Agatha Christie. |
| 260 ## - PUBLICATION, DISTRIBUTION, ETC. (IMPRINT) | |
| Place of publication, distribution, etc | London : |
| Name of publisher, distributor, etc | Harper Collins, |
| Date of publication, distribution, etc | c.1934. |
| 300 ## - PHYSICAL DESCRIPTION | |
| Extent | 268p. ; |
| Dimensions | 18 cm. |
| 500 ## - GENERAL NOTE | |
| General note | "The Winterbrook edition." |
| 655 #7 - INDEX TERM--GENRE/FORM | |
| Genre/form data or focus term | Detective and mystery stories. |
| Source of term | gsafd |
| 942 ## - ADDED ENTRY ELEMENTS (KOHA) | |
| Source of classification or shelving scheme | Dewey Decimal Classification |
| Item type | Book - Borrowing |
| Withdrawn status | Item status | Source of classification or shelving scheme | Damaged status | Not for loan | Vendor | Home library | Current library | Shelving location | Date acquired | Source of acquisition | Cost, normal purchase price | Serial Enumeration / chronology | Total Checkouts | Total Renewals | Full call number | Barcode | Date last seen | Date last borrowed | Koha item type |
|---|---|---|---|---|---|---|---|---|---|---|---|---|---|---|---|---|---|---|---|
| Dewey Decimal Classification | Alahram | Central Library | Central Library | Second Floor | 25/01/2009 | 52.00 | 6451 | 4 | 19 | 823.912 CHR | 000015146 | 20/01/2026 | 18/01/2026 | Book - Borrowing |